| 000 | 00769nam a22002297a 4500 | ||
|---|---|---|---|
| 003 | UA-OsUOA | ||
| 001 | 26427 | ||
| 007 | ta | ||
| 008 | 20040601b un ||||| |||| 00| 0 ukr d | ||
| 090 |
_a534 _bП84 |
||
| 942 | _cBK | ||
| 040 |
_aUA-OsUOA _brus _cUA-OsUOA _dUA-OsUOA |
||
| 245 |
_aПрочность материалов и элементов конструкций при звуковых и ультразвуковых частотах нагружения _bТезисы докладов международного симпозиума _cРед. В.А.Кузьменко |
||
| 300 | _a212 с. | ||
| 955 | _a0 | ||
| 041 | _arus | ||
| 080 | _a534 | ||
| 260 |
_aКиев _bНауков Думка _c1984 |
||
| 044 | _aRU | ||
| 650 | 7 | _2UDC | |
| 999 |
_c312750 _d312750 |
||